Detalles MARC
| 000 -LEADER |
| fixed length control field |
02847nam a2200661 a 4500 |
| 005 - FECHA ULTIMA MODIFICACION |
| control field |
20240503102405.0 |
| 008 - CAMPO DE CONTROL (LIBRO) |
| fixed length control field |
100708t2014||||sp a f |||| 001 0 spa d |
| 020 ## - INTERNATIONAL STANDARD BOOK NUMBER |
| ISBN |
9788490221471 |
| 041 ## - CODIGO DE IDIOMA |
| Código de idioma del texto/pista de sonido o título separado |
spa |
| 092 ## - SIGNATURA TOPOGRAFICA DEWEY LOCAL |
| número de clasificación |
616.5 |
| libristica |
24 |
| sección |
FER |
| 100 1# - ENTRADA PRINCIPAL--NOMBRE PERSONAL |
| Nombre personal |
Ferrándiz Foraster, Carlos. |
| 9 (RLIN) |
1026 |
| 245 ## - TITULO PROPIAMENTE DICHO |
| Título |
Dermatología clínica / |
| Mención de responsabilidad y remanente de la transcripción de la portada |
Carlos Ferrándiz Foraster |
| 250 ## - MENCION DE EDICION |
| Mención de edición |
4a ed. |
| 260 ## - PIE DE IMPRENTA |
| Lugar de publicación, distribución, etc |
Barcelona: |
| Nombre de la editorial, distribuidor, etc |
Elsevier; |
| Fecha de publicación |
2014. |
| 300 ## - DESCRIPCION FISICA |
| Extension |
307 p. |
| Otros detalles físicos |
il. |
| 500 ## - NOTA GENERAL |
| Nota general |
Ferrándiz Foraster, C. et al. (2014). Dermatología clínica. (4a ed.). Barcelona : Elsevier. |
| 653 ## - TÉRMINO INDIZADO - PALABRAS CLAVES |
| Palabra clave |
Anatomía y fisiología de la piel humana |
| 653 ## - TÉRMINO INDIZADO - PALABRAS CLAVES |
| Palabra clave |
Bases del diagnóstico dermatológico |
| 653 ## - TÉRMINO INDIZADO - PALABRAS CLAVES |
| Palabra clave |
Infecciones bacterianas |
| 653 ## - TÉRMINO INDIZADO - PALABRAS CLAVES |
| Palabra clave |
Infecciones por micobacterias |
| 653 ## - TÉRMINO INDIZADO - PALABRAS CLAVES |
| Palabra clave |
Infecciones por virus |
| 653 ## - TÉRMINO INDIZADO - PALABRAS CLAVES |
| Palabra clave |
Micosis cutaneomucosas superficiales |
| 653 ## - TÉRMINO INDIZADO - PALABRAS CLAVES |
| Palabra clave |
Infecciones de transmisión sexual (I) Balinitis. Uretritis |
| 653 ## - TÉRMINO INDIZADO - PALABRAS CLAVES |
| Palabra clave |
Infecciones de transmisión sexual (II) Ulceras genitales |
| 653 ## - TÉRMINO INDIZADO - PALABRAS CLAVES |
| Palabra clave |
Parasitosis y zoonosis |
| 653 ## - TÉRMINO INDIZADO - PALABRAS CLAVES |
| Palabra clave |
Urticaria y angioedema |
| 653 ## - TÉRMINO INDIZADO - PALABRAS CLAVES |
| Palabra clave |
Eccemas (I) Dermatitis de contacto |
| 653 ## - TÉRMINO INDIZADO - PALABRAS CLAVES |
| Palabra clave |
Eccemas (II) Dermatitis ceborreica |
| 653 ## - TÉRMINO INDIZADO - PALABRAS CLAVES |
| Palabra clave |
Reacciones cutáneas frente a agentes físicos. Fotobiología y fotodermatosis |
| 653 ## - TÉRMINO INDIZADO - PALABRAS CLAVES |
| Palabra clave |
Toxidermias, dematosis facticias y úlceras de diversas etiologías |
| 653 ## - TÉRMINO INDIZADO - PALABRAS CLAVES |
| Palabra clave |
Dermatosis eritematoescamosas (I): psoriasis. Eritrodermias |
| 653 ## - TÉRMINO INDIZADO - PALABRAS CLAVES |
| Palabra clave |
Dermatosis eritematoescamosas (II). Liquen plano. Erupciones liquenoides. Pitiriasis rosasa. Pitiriasis rubra pilaris |
| 653 ## - TÉRMINO INDIZADO - PALABRAS CLAVES |
| Palabra clave |
Dermatosis reactivas |
| 653 ## - TÉRMINO INDIZADO - PALABRAS CLAVES |
| Palabra clave |
Vasculitis y paniculitis |
| 653 ## - TÉRMINO INDIZADO - PALABRAS CLAVES |
| Palabra clave |
Enfermedades ampollares autoinmunes I: grupo de pénfigos |
| 653 ## - TÉRMINO INDIZADO - PALABRAS CLAVES |
| Palabra clave |
Enfermedades ampollares autoinmunes II: ampolla subepidérmica |
| 653 ## - TÉRMINO INDIZADO - PALABRAS CLAVES |
| Palabra clave |
Alteraciones de la pigmentación |
| 653 ## - TÉRMINO INDIZADO - PALABRAS CLAVES |
| Palabra clave |
Enfermedades del folículo policebáceo |
| 653 ## - TÉRMINO INDIZADO - PALABRAS CLAVES |
| Palabra clave |
Genodermatosis |
| 653 ## - TÉRMINO INDIZADO - PALABRAS CLAVES |
| Palabra clave |
Enfermedades hereditarias con importante componente dermatológico |
| 653 ## - TÉRMINO INDIZADO - PALABRAS CLAVES |
| Palabra clave |
Conectivopatías autoinmunes |
| 653 ## - TÉRMINO INDIZADO - PALABRAS CLAVES |
| Palabra clave |
Manifestaciones cutáneas de las enfermedades metabólicas y carenciales |
| 653 ## - TÉRMINO INDIZADO - PALABRAS CLAVES |
| Palabra clave |
Porfirias y manifestaciones cutáneas de las enfermedades endocrinas |
| 653 ## - TÉRMINO INDIZADO - PALABRAS CLAVES |
| Palabra clave |
Marcadores cutáneos de las neolplacias internas |
| 653 ## - TÉRMINO INDIZADO - PALABRAS CLAVES |
| Palabra clave |
Linfomas, histiocitosis y mastocitosis |
| 653 ## - TÉRMINO INDIZADO - PALABRAS CLAVES |
| Palabra clave |
Tumores epiteliales |
| 653 ## - TÉRMINO INDIZADO - PALABRAS CLAVES |
| Palabra clave |
Tumores mesenquimales |
| 653 ## - TÉRMINO INDIZADO - PALABRAS CLAVES |
| Palabra clave |
Tumores melanocíticos |
| 653 ## - TÉRMINO INDIZADO - PALABRAS CLAVES |
| Palabra clave |
Terapéutica dermatológica |
| 700 1# - ENTRADAS SECUNDARIAS - NOMBRE PERSONAL |
| Nombre personal |
Bielsa Marsol, Isabel. |
| 9 (RLIN) |
1027 |
| 700 1# - ENTRADAS SECUNDARIAS - NOMBRE PERSONAL |
| Nombre personal |
Fonseca Capdevila, Eduardo. |
| 9 (RLIN) |
1028 |
| 700 1# - ENTRADAS SECUNDARIAS - NOMBRE PERSONAL |
| Nombre personal |
Puig Sanz, Lluís. |
| 9 (RLIN) |
1029 |
| 700 1# - ENTRADAS SECUNDARIAS - NOMBRE PERSONAL |
| Nombre personal |
Rivera Pibernat, Miquel. |
| 9 (RLIN) |
1030 |
| 700 1# - ENTRADAS SECUNDARIAS - NOMBRE PERSONAL |
| Nombre personal |
Ferrándiz Pulido, Lara |
| 9 (RLIN) |
3014 |
| 700 1# - ENTRADAS SECUNDARIAS - NOMBRE PERSONAL |
| Nombre personal |
Moreno Ramírez, David |
| 9 (RLIN) |
3015 |
| 700 1# - ENTRADAS SECUNDARIAS - NOMBRE PERSONAL |
| Nombre personal |
Ferrándiz Pulido, Carla |
| 9 (RLIN) |
3016 |
| 942 ## - ADDED ENTRY ELEMENTS (KOHA) |
| Source of classification or shelving scheme |
Dewey Decimal Classification |
| Item type |
Libros |